| 000 | 00756nam a2200301Ia 4500 | ||
|---|---|---|---|
| 001 | Para_9818 | ||
| 003 | CHAP | ||
| 008 | 220125s1990 xx 000 0 und d | ||
| 010 | _a208470 | ||
| 020 | _a84-7114-239-2 | ||
| 040 | _cCHAP | ||
| 082 | _aPA 583.973 L86 | ||
| 100 |
_aLuna Lorente, F. _9174904 |
||
| 245 |
_aEl Nogal / _c L. Luna Lorente |
||
| 250 | _a2 | ||
| 260 |
_aEspaña : _b Mundi-Prensa |
||
| 300 | _a155 p. | ||
| 500 | _aIncluye referencias bibliográficas | ||
| 650 |
_aNogal _981544 |
||
| 650 |
_aNogal _xEnfermedades _981553 |
||
| 901 | _aPA 583.973 L86 | ||
| 902 | _aM | ||
| 905 | _a5232201990 an 8000000300 00 | ||
| 910 | _a1990 | ||
| 942 | _cPARA | ||
| 942 |
_cPARA _d1 |
||
| 999 |
_c208470 _d208470 |
||